[Event "22nd ch-EUR Indiv 2022"]
[Site "Terme Catez SLO"]
[Date "2022.03.27"]
[Round "1.68"]
[White "Papp, Gabor1"]
[Black "Blagojevic, Tijana"]
[Result "1-0"]
[WhiteTitle "GM"]
[BlackTitle "WIM"]
[WhiteElo "2574"]
[BlackElo "2260"]
[WhiteFideId "718602"]
[BlackFideId "16500270"]
[EventDate "2022.03.27"]

1. Nf3 d5 2. c4 c6 3. e3 Nf6 4. Nc3 e6 5. b3 Bd6 6. Bb2 O-O 7. Be2 e5 8. cxd5
cxd5 9. Nb5 Nc6 10. Nxd6 Qxd6 11. d4 e4 12. Ne5 Nb4 13. a3 Na6 14. O-O Ne8 15.
a4 Nb4 16. a5 b6 17. Qd2 f6 18. Rfc1 bxa5 19. Rxa5 Rb8 20. Rac5 fxe5 21. Rxc8
exd4 22. Qxd4 Rxc8 23. Rxc8 Qf6 24. Qxf6 Nxf6 25. Rxf8+ Kxf8 26. Bd4 a5 27. Bb5
Ke7 28. Bb6 Kd6 29. Bxa5 Kc5 30. Ba4 Ng4 31. Bc7 Nd3 32. h3 Nge5 33. Kf1 g5 34.
Bd8 g4 35. hxg4 Nxg4 36. Be7+ Kb6 37. Bh4 Kc5 38. Bd7 Nge5 39. Be7+ Kb6 40. Bf5
h5 41. Bf6 Kb5 42. f3 Kb4 43. fxe4 dxe4 44. Bxe4 Kxb3 45. Ke2 Kc4 46. Bf5 Nc1+
47. Kd1 Ncd3 48. Kd2 h4 49. Bg7 h3 50. gxh3 Nf3+ 51. Ke2 Ng1+ 52. Kf1 Nf3 53.
Bf6 Nde5 54. h4 1-0

[Event "22nd ch-EUR Indiv 2022"]
[Site "Terme Catez SLO"]
[Date "2022.03.27"]
[Round "1.69"]
[White "Milikow, Elie"]
[Black "Kadric, Denis"]
[Result "0-1"]
[WhiteTitle "CM"]
[BlackTitle "GM"]
[WhiteElo "2256"]
[BlackElo "2573"]
[WhiteFideId "371281868"]
[BlackFideId "14403803"]
[EventDate "2022.03.27"]

1. e4 d6 2. d4 g6 3. Nc3 Nf6 4. f3 c6 5. Be3 Nbd7 6. a4 Bg7 7. Qd2 O-O 8. Bc4 d5
9. exd5 Nb6 10. Bb3 Nbxd5 11. Nxd5 Nxd5 12. Bg5 Be6 13. Ne2 Nc7 14. Bxe6 Nxe6
15. Be3 Qd5 16. c3 Rfd8 17. Qc2 c5 18. dxc5 Nxc5 19. O-O Qc4 20. Rfd1 Rd6 21.
Bf2 Rad8 22. Rxd6 Rxd6 23. Ng3 Nb3 24. Ra3 Nd4 25. Qe4 f5 26. Qxe7 Bf8 27. Qe1
Nc2 28. Qb1 Nxa3 29. bxa3 Rd7 30. Qe1 Kf7 31. h4 Qxa4 32. Bd4 Rxd4 33. cxd4
Qxd4+ 34. Kf1 Qxh4 35. Qe5 Qc4+ 36. Ne2 a6 37. Qh8 h5 38. Qb2 b5 39. g3 h4 40.
gxh4 Qxh4 41. Qe5 Qc4 42. Qe3 Be7 43. Qh6 Qh4 44. Qe3 Qa4 45. Nd4 Qc4+ 46. Ne2
a5 47. Qd2 a4 48. Qd7 Kf8 49. Qd2 Kf7 50. Qd7 Kf6 51. Qe8 Qd3 52. Qh8+ Ke6 53.
Ke1 Kd7 54. Qg7 Qxa3 55. Qxg6 Qxf3 56. Qg7 Qe4 57. Kf2 a3 58. Nc3 Qh4+ 59. Kf1
Qc4+ 0-1

[Event "22nd ch-EUR Indiv 2022"]
[Site "Terme Catez SLO"]
[Date "2022.03.27"]
[Round "1.70"]
[White "Prohaszka, Peter2"]
[Black "Mitev, Valentin"]
[Result "1/2-1/2"]
[WhiteTitle "GM"]
[BlackTitle "FM"]
[WhiteElo "2573"]
[BlackElo "2255"]
[WhiteFideId "726265"]
[BlackFideId "2921707"]
[EventDate "2022.03.27"]

1. d4 d5 2. Nf3 Nf6 3. c4 dxc4 4. e3 e6 5. Bxc4 c5 6. O-O Nc6 7. a3 a6 8. dxc5
Qd5 9. Qd2 Qxd2 10. Re1 Qd1 11. Rxd1 Bxc5 12. b4 Be7 13. Bb2 O-O 14. Nbd2 b5 15.
Be2 Bb7 16. Nb3 Rac8 17. Nfd4 Nb8 18. Na5 Ba8 19. Rac1 Rfd8 20. Bf3 Nd5 21. Ndb3
Nd7 22. Bd4 Bf6 23. Bxf6 gxf6 24. h3 Kf8 25. Rxc8 Rxc8 26. Bxd5 Bxd5 27. e4 Bxb3
28. Rxd7 Bc2 29. f3 Rc3 30. Nb7 Ke8 31. Rd8+ Ke7 32. Ra8 Rxa3 33. Ra7 Ra1+ 34.
Kh2 Rb1 35. Nc5+ Kf8 36. Ra8+ Ke7 37. Ra7+ Kf8 38. Rc7 Rb2 39. Kg3 Bb3 40. Nd7+
Kg7 41. e5 fxe5 42. Nxe5 Bd5 43. Rxf7+ Kg8 44. Ra7 Rxb4 45. h4 h5 46. Rxa6 Kg7
47. Nd3 Rd4 48. Nf4 Kf6 49. Rb6 Ke5 50. Nxh5 b4 51. Kf2 Rxh4 52. g4 b3 53. Rb4
Rh2+ 54. Kg3 Rc2 55. Nf4 Rc3 56. Nxd5 exd5 57. Rb6 Kd4 58. g5 Ke5 59. g6 Rc1 60.
Kf2 Rc7 61. Rxb3 Rg7 62. Rb6 Kf5 63. Rd6 Ke5 64. Ra6 Kf5 65. Ra5 Ke5 66. Ke3
Rxg6 67. f4+ Ke6 68. Ra6+ Kf5 69. Rxg6 Kxg6 70. Kd4 Kf5 71. Kxd5 Kxf4 1/2-1/2

[Event "22nd ch-EUR Indiv 2022"]
[Site "Terme Catez SLO"]
[Date "2022.03.27"]
[Round "1.71"]
[White "Mihov, Filip"]
[Black "Van Foreest, Lucas"]
[Result "0-1"]
[BlackTitle "GM"]
[WhiteElo "2255"]
[BlackElo "2572"]
[WhiteFideId "15003892"]
[BlackFideId "1039792"]
[EventDate "2022.03.27"]

1. d4 g6 2. Nf3 Bg7 3. e4 c6 4. Nc3 d5 5. h3 dxe4 6. Nxe4 Nf6 7. Nxf6+ exf6 8.
Bc4 O-O 9. O-O Nd7 10. a4 Nb6 11. Bb3 a5 12. Bf4 Nd5 13. Bg3 Bh6 14. c4 Nb4 15.
Qe1 b5 16. axb5 cxb5 17. cxb5 Bf5 18. Qd1 Rc8 19. d5 Bd3 20. Nd4 Qb6 21. Nc6
Nxc6 22. bxc6 Bxf1 23. Kxf1 Rfd8 24. Ba4 Bf8 25. c7 Rxc7 26. Bxc7 Qxc7 27. Kg1
Qe5 28. Bc6 Bd6 29. g3 Qxb2 30. Rxa5 Bxg3 31. Qf3 Bc7 32. Ra7 Qe5 33. Kg2 Bd6
34. Ra8 Rxa8 35. Bxa8 h5 36. Bc6 Qg5+ 37. Kf1 Bh2 38. Bb5 Qc1+ 0-1

[Event "22nd ch-EUR Indiv 2022"]
[Site "Terme Catez SLO"]
[Date "2022.03.27"]
[Round "1.72"]
[White "Alonso Rosell, Alvar"]
[Black "Gajcin, Marina"]
[Result "1-0"]
[WhiteTitle "GM"]
[BlackTitle "WIM"]
[WhiteElo "2565"]
[BlackElo "2254"]
[WhiteFideId "2270544"]
[BlackFideId "949086"]
[EventDate "2022.03.27"]

1. d4 Nf6 2. c4 g6 3. Nc3 d5 4. Nf3 Bg7 5. Qb3 dxc4 6. Qxc4 O-O 7. e4 Na6 8. Be2
c5 9. d5 e6 10. O-O exd5 11. exd5 Bf5 12. Be3 Re8 13. Rad1 Ng4 14. Bd2 Qb6 15.
b3 Rad8 16. h3 Ne5 17. Nxe5 Bxe5 18. Be3 Qf6 19. Nb5 Bb8 20. d6 Bxd6 21. Nxd6
Rxd6 22. Qb5 Rde6 23. Qxb7 Nb4 24. Bc4 R6e7 25. Qf3 Qb6 26. Bg5 Re5 27. Bf4 Be4
28. Qc3 Nd5 29. Qxe5 Rxe5 30. Bxe5 Qe6 31. Rfe1 Qxe5 32. Bxd5 Qb2 33. Rxe4 Kf8
34. Rf4 f5 35. Ra4 Qc2 36. Bf3 c4 37. Rxa7 1-0

[Event "22nd ch-EUR Indiv 2022"]
[Site "Terme Catez SLO"]
[Date "2022.03.27"]
[Round "1.73"]
[White "Kochavi, Ori"]
[Black "Georgiev, Kiril"]
[Result "0-1"]
[WhiteTitle "FM"]
[BlackTitle "GM"]
[WhiteElo "2253"]
[BlackElo "2564"]
[WhiteFideId "2816873"]
[BlackFideId "2900017"]
[EventDate "2022.03.27"]

1. e4 e5 2. Nf3 Nc6 3. Bb5 a6 4. Ba4 Nf6 5. O-O Nxe4 6. d4 b5 7. Bb3 d5 8. dxe5
Be6 9. Nbd2 Nc5 10. c3 Be7 11. Bc2 Qd7 12. Nb3 Bg4 13. Re1 Ne6 14. h3 Bh5 15.
Bf5 O-O 16. g4 Bg6 17. Nfd4 Ncxd4 18. Nxd4 c5 19. Nf3 Rad8 20. a4 d4 21. cxd4
cxd4 22. axb5 axb5 23. Nd2 Bxf5 24. gxf5 Ng5 25. Qg4 h5 26. Qxh5 Qxf5 27. Kg2
Bb4 28. Qg4 Qg6 29. f4 Qc6+ 0-1

[Event "22nd ch-EUR Indiv 2022"]
[Site "Terme Catez SLO"]
[Date "2022.03.27"]
[Round "1.74"]
[White "Livaic, Leon"]
[Black "Shpanko, Nadiia"]
[Result "1-0"]
[WhiteTitle "IM"]
[BlackTitle "WIM"]
[WhiteElo "2563"]
[BlackElo "2247"]
[WhiteFideId "14531534"]
[BlackFideId "14132400"]
[EventDate "2022.03.27"]

1. e4 c5 2. Nf3 g6 3. h4 Bg7 4. h5 Nc6 5. Bc4 Na5 6. Be2 d5 7. exd5 Qxd5 8. Nc3
Qd7 9. d3 b6 10. h6 Bxc3+ 11. bxc3 Bb7 12. c4 Nf6 13. Bb2 O-O-O 14. Ne5 Qe6 15.
O-O Nc6 16. Nxc6 Bxc6 17. Bf3 Rhe8 18. a4 Qd7 19. a5 Kb7 20. Be5 Ng8 21. axb6
axb6 22. Qb1 f6 23. Qb5 Bxf3 24. Qa6+ Kc6 25. Rfb1 Qg4 26. Rxb6+ 1-0

[Event "22nd ch-EUR Indiv 2022"]
[Site "Terme Catez SLO"]
[Date "2022.03.27"]
[Round "1.75"]
[White "Vagman, Roy"]
[Black "Meshkovs, Nikita"]
[Result "0-1"]
[WhiteTitle "CM"]
[BlackTitle "GM"]
[WhiteElo "2247"]
[BlackElo "2561"]
[WhiteFideId "2828995"]
[BlackFideId "11602740"]
[EventDate "2022.03.27"]

1. e4 c5 2. Nf3 Nc6 3. Bb5 g6 4. O-O Bg7 5. c3 Nf6 6. Re1 O-O 7. d4 cxd4 8. cxd4
d5 9. e5 Ne4 10. Nc3 Nxc3 11. bxc3 Qa5 12. Qb3 Bg4 13. Bd2 Bxf3 14. Bxc6 bxc6
15. gxf3 c5 16. Bg5 c4 17. Qc2 Qc7 18. Kg2 Qd7 19. Bf4 Rac8 20. Re2 Rc6 21. Rae1
Ra6 22. h4 Qe6 23. Rh1 Rb8 24. Ree1 h5 25. Rb1 Rbb6 26. Rhe1 Kh7 27. Bg5 Bf8 28.
Kh2 Ra3 29. Rxb6 axb6 30. Qb2 Ra5 31. Rb1 b5 32. Qb4 Rxa2 33. Qxb5 f6 34. Bf4
fxe5 35. Bxe5 Rxf2+ 36. Kg3 Re2 37. Qb8 Bg7 38. Bxg7 Kxg7 39. Qf4 Qe3 40. Qxe3
Rxe3 41. Kf4 Rxc3 42. Rb6 Kf7 43. Ke5 Rxf3 44. Kxd5 Rf4 45. Kxc4 Rxh4 46. Kd3
Rf4 47. Ke3 Rf5 48. Rb2 g5 49. Ke4 Rf4+ 50. Ke5 h4 51. d5 h3 52. Rh2 Rf3 53. Rh1
g4 54. Rh2 Kg6 55. Ke4 Kg5 0-1

[Event "22nd ch-EUR Indiv 2022"]
[Site "Terme Catez SLO"]
[Date "2022.03.27"]
[Round "1.76"]
[White "Stocek, Jiri"]
[Black "Zadravec, Matija"]
[Result "1-0"]
[WhiteTitle "GM"]
[WhiteElo "2555"]
[BlackElo "2239"]
[WhiteFideId "304760"]
[BlackFideId "14533413"]
[EventDate "2022.03.27"]

1. d4 Nf6 2. c4 e6 3. Nc3 Bb4 4. e3 c5 5. Bd3 Nc6 6. Ne2 cxd4 7. exd4 d5 8. a3
dxc4 9. Bxc4 Be7 10. Bf4 O-O 11. Rc1 Bd7 12. O-O Rc8 13. Ba2 a6 14. Qd3 Na7 15.
d5 exd5 16. Rcd1 Be6 17. Nd4 Bg4 18. Rd2 Qd7 19. h3 Bh5 20. Nf5 Bc5 21. Nxd5
Nxd5 22. Qxd5 Qxd5 23. Rxd5 Bg6 24. Re1 Bxf5 25. Rxf5 g6 26. Rd5 Rfd8 27. Rc1 b6
28. Rxd8+ Rxd8 29. b4 Be7 30. Rc7 Nc8 31. g3 Kf8 32. a4 b5 33. a5 Ke8 34. Kg2
Nd6 35. Bd5 Rb8 36. Bc6+ Kf8 37. Bh6+ Kg8 38. Rxe7 Nf5 39. Rb7 Rc8 40. Bd7 1-0

[Event "22nd ch-EUR Indiv 2022"]
[Site "Terme Catez SLO"]
[Date "2022.03.27"]
[Round "1.77"]
[White "Gueci, Tea"]
[Black "Martinovic, Sasa"]
[Result "0-1"]
[WhiteTitle "WIM"]
[BlackTitle "GM"]
[WhiteElo "2235"]
[BlackElo "2554"]
[WhiteFideId "872342"]
[BlackFideId "14509792"]
[EventDate "2022.03.27"]

1. e4 c5 2. Nf3 d6 3. Bb5+ Nd7 4. Ba4 Nf6 5. O-O e6 6. Re1 a6 7. c3 b5 8. Bc2 c4
9. a4 Bb7 10. d4 cxd3 11. Qxd3 Nc5 12. Qe2 bxa4 13. Nbd2 Be7 14. Bxa4+ Nxa4 15.
Rxa4 O-O 16. Nd4 Qd7 17. Ra1 Bd8 18. f3 e5 19. N4b3 a5 20. Nf1 a4 21. Nbd2 Bb6+
22. Ne3 d5 23. exd5 Ba6 24. c4 Nxd5 25. Nf1 Nf4 26. Qc2 Qd3 27. Kh1 Qxc2 28.
Nxc2 Nd3 29. Be3 Nxe1 30. Rxe1 Rfb8 31. Nb4 Bxe3 32. Nxa6 Rxa6 33. Nxe3 Rxb2 0-1

[Event "22nd ch-EUR Indiv 2022"]
[Site "Terme Catez SLO"]
[Date "2022.03.27"]
[Round "1.78"]
[White "Dragnev, Valentin"]
[Black "Gershkowich, David"]
[Result "1-0"]
[WhiteTitle "GM"]
[BlackTitle "FM"]
[WhiteElo "2546"]
[BlackElo "2233"]
[WhiteFideId "1634852"]
[BlackFideId "2803356"]
[EventDate "2022.03.27"]

1. e4 e5 2. Nf3 Nc6 3. Bb5 g6 4. c3 a6 5. Bxc6 dxc6 6. d4 exd4 7. cxd4 Bg7 8.
Bf4 Nf6 9. O-O O-O 10. Nbd2 Bg4 11. Qb3 Rb8 12. Rfe1 Be6 13. Qc2 Nh5 14. Be3 h6
15. Nb3 Kh8 16. Nc5 Bc8 17. Ne5 Qe8 18. Rad1 b6 19. Nb3 c5 20. Nc4 cxd4 21. Bxd4
Be6 22. Ne3 c5 23. Bxg7+ Kxg7 24. Nd5 Qd8 25. Qc3+ Nf6 26. Nf4 Qe7 27. e5 Ne8
28. Nd2 Nc7 29. Ne4 Rbd8 30. Qg3 Rxd1 31. Rxd1 Rd8 32. Rd6 Bf5 33. Nh5+ Kf8 34.
Qf4 Rxd6 35. exd6 Qxe4 36. Qxh6+ 1-0

[Event "22nd ch-EUR Indiv 2022"]
[Site "Terme Catez SLO"]
[Date "2022.03.27"]
[Round "1.79"]
[White "Marn, Jan"]
[Black "Pultinevicius, Paulius"]
[Result "0-1"]
[WhiteTitle "FM"]
[BlackTitle "GM"]
[WhiteElo "2232"]
[BlackElo "2546"]
[WhiteFideId "14619245"]
[BlackFideId "12809390"]
[EventDate "2022.03.27"]

1. d4 Nf6 2. c4 e6 3. Nc3 Bb4 4. e3 O-O 5. Nf3 d5 6. Bd2 b6 7. cxd5 exd5 8. Rc1
Be7 9. Bd3 c5 10. Ne5 Bb7 11. O-O Nc6 12. Nxc6 Bxc6 13. Ne2 c4 14. Bb1 b5 15.
Ng3 Re8 16. f3 Bf8 17. Qe1 a5 18. Qf2 Ra7 19. Kh1 b4 20. e4 dxe4 21. d5 Rd7 22.
fxe4 Bb5 23. Bg5 Re5 24. Bf4 Bd6 25. Nf5 Rxf5 26. exf5 Bxf4 27. Qxf4 Rxd5 28.
Rfe1 h6 29. Qf3 Bc6 30. Rxc4 Re5 31. Qd1 Qd5 32. Rxc6 Rxe1+ 33. Qxe1 Qxc6 34.
Bd3 Qd5 35. Bb1 Qd4 36. Qe2 Qf4 37. Qe1 h5 38. g3 Qd4 39. Qe2 a4 40. h3 a3 41.
bxa3 bxa3 42. Bd3 Kf8 43. Qc2 Kg8 44. Qe2 h4 45. g4 Qf4 46. Bc2 Kh7 47. Qg2 Kh6
48. Bb3 Ne4 49. Bxf7 Ng3+ 50. Kg1 Qc1+ 51. Kf2 Qc2+ 52. Kf3 Qd3+ 53. Kf2 Qd2+
54. Kf3 Qc3+ 55. Kf2 Qb2+ 56. Kg1 Qc1+ 57. Kf2 Nh1+ 58. Ke2 Qc2+ 59. Kf1 Qd1# 0-1

[Event "22nd ch-EUR Indiv 2022"]
[Site "Terme Catez SLO"]
[Date "2022.03.27"]
[Round "1.80"]
[White "David, Alberto"]
[Black "Rakhmangulova, Anastasiya"]
[Result "1-0"]
[WhiteTitle "GM"]
[BlackTitle "WIM"]
[WhiteElo "2545"]
[BlackElo "2229"]
[WhiteFideId "4000013"]
[BlackFideId "14117479"]
[EventDate "2022.03.27"]

1. e4 c5 2. Nf3 e6 3. d3 Nc6 4. g3 d5 5. Qe2 Nf6 6. Bg2 Be7 7. O-O O-O 8. e5 Nd7
9. c4 d4 10. h4 Kh8 11. Bf4 f6 12. Nbd2 Qe8 13. Ne4 f5 14. Nd6 Qh5 15. Rfe1 h6
16. a3 a5 17. Nb5 Bd8 18. Nfxd4 Qxe2 19. Nxe2 g5 20. hxg5 hxg5 21. Bd2 Ndxe5 22.
Bc3 Kg8 23. d4 cxd4 24. Nexd4 Bb6 25. c5 Bxc5 26. Nb3 Nd3 27. Nxc5 Nxc5 28. Rad1
Na4 29. Be5 Nxe5 30. Rxe5 Kf7 31. b3 Nb6 32. Rd6 Nd5 33. Bxd5 exd5 34. Nc7 Ra7
35. Nxd5 b5 36. Rf6+ Kg7 37. Rxf8 Kxf8 38. Nb6 Ba6 39. Rxf5+ Rf7 40. Rxg5 Bb7
41. Rxb5 Bf3 42. Nc4 1-0

[Event "22nd ch-EUR Indiv 2022"]
[Site "Terme Catez SLO"]
[Date "2022.03.27"]
[Round "1.81"]
[White "Saraci, Korab"]
[Black "Blomqvist, Erik"]
[Result "1-0"]
[BlackTitle "GM"]
[WhiteElo "2229"]
[BlackElo "2542"]
[WhiteFideId "4701968"]
[BlackFideId "1709437"]
[EventDate "2022.03.27"]

1. e4 c5 2. c3 d5 3. exd5 Qxd5 4. d4 g6 5. Nf3 Bg7 6. Be2 cxd4 7. cxd4 Nf6 8.
O-O O-O 9. Nc3 Qd6 10. Nb5 Qd8 11. Bf4 a6 12. Bc7 Qe8 13. Nc3 b5 14. Ne5 Bb7 15.
Bf3 Nc6 16. Re1 b4 17. Na4 Rc8 18. Bd6 exd6 19. Nxc6 Bxc6 20. Rxe8 Rfxe8 21.
Bxc6 Rxc6 22. Rc1 Rxc1 23. Qxc1 Bh6 24. f4 Ng4 25. g3 Bg7 26. Qc6 Bxd4+ 27. Kg2
Re6 28. Qxa6 h5 29. Nb6 Bxb2 30. Nd7 Re8 31. h3 Ne3+ 32. Kf3 Nf5 33. g4 Re3+ 34.
Kg2 Nh4+ 35. Kh2 Nf3+ 36. Kh1 hxg4 1-0

[Event "22nd ch-EUR Indiv 2022"]
[Site "Terme Catez SLO"]
[Date "2022.03.27"]
[Round "1.82"]
[White "Teclaf, Pawel"]
[Black "Bauer, Thomas"]
[Result "1-0"]
[WhiteTitle "IM"]
[BlackTitle "CM"]
[WhiteElo "2542"]
[BlackElo "2224"]
[WhiteFideId "1185934"]
[BlackFideId "1639293"]
[EventDate "2022.03.27"]

1. e4 c5 2. Nf3 d6 3. Bb5+ Bd7 4. c4 Nf6 5. Nc3 g6 6. d4 cxd4 7. Nxd4 Bg7 8. Be3
O-O 9. h3 a6 10. Bxd7 Nbxd7 11. Rc1 Rc8 12. b3 Qa5 13. O-O b5 14. Nd5 Nxd5 15.
exd5 Bf6 16. Nc6 Qxa2 17. Bd4 bxc4 18. Rxc4 Nc5 19. Bxc5 dxc5 20. Rxc5 Qb2 21.
Qd3 Ra8 22. b4 Bh4 23. g3 a5 24. gxh4 e6 25. Rxa5 exd5 26. Qd4 Qe2 27. Qe5 1-0

[Event "22nd ch-EUR Indiv 2022"]
[Site "Terme Catez SLO"]
[Date "2022.03.27"]
[Round "1.83"]
[White "Damia, Angelo"]
[Black "Dardha, Daniel"]
[Result "1/2-1/2"]
[WhiteTitle "IM"]
[BlackTitle "GM"]
[WhiteElo "2223"]
[BlackElo "2540"]
[WhiteFideId "812668"]
[BlackFideId "240990"]
[EventDate "2022.03.27"]

1. e4 c5 2. Nf3 Nc6 3. d4 cxd4 4. Nxd4 e5 5. Nb5 d6 6. N1c3 a6 7. Na3 Be6 8. Nd5
Bxd5 9. exd5 Nce7 10. c4 Nf6 11. f4 e4 12. g4 g6 13. Bd2 Bg7 14. Bc3 O-O 15. Be2
b5 16. Nc2 bxc4 17. Ne3 Qb6 18. Qd2 Rac8 19. Rd1 Qa7 20. f5 Nd7 21. Bxg7 Kxg7
22. Nxc4 f6 23. Nxd6 Rc5 24. Qe3 Qc7 25. Nxe4 Rxd5 26. Ng5 Qa5+ 27. Kf2 fxg5 28.
Qxe7+ Rf7 29. Rxd5 Qxd5 30. Rd1 Qxa2 31. Qb4 Ne5 32. Rd6 gxf5 33. Qd4 fxg4+ 34.
Kg2 Re7 35. Rd5 Kf6 36. Bxg4 Qc4 37. Rd6+ Kg7 38. Qxc4 Nxc4 39. Rxa6 Nxb2 40.
Rd6 Nc4 41. Rd7 Rxd7 42. Bxd7 Kf6 43. Kg3 Ne5 44. Bc8 Ng6 45. Bg4 Nh4 46. Bd7 h5
47. Be8 Nf5+ 48. Kf3 h4 49. Kg4 Ne3+ 50. Kf3 Nf1 51. Bd7 Nd2+ 52. Kg4 Nc4 53.
Bc8 Ne5+ 54. Kh3 Kg6 55. Bg4 Nc4 56. Kg2 Kf6 57. Bc8 Nb6 58. Bh3 Ke5 59. Kf3 Nc4
60. Bc8 Nd2+ 61. Kg4 Kf6 62. Kh3 Kg6 63. Kg4 Nf1 64. Kf3 Kg7 65. Kg4 Kf6 66. Kf3
Nd2+ 67. Ke3 Nc4+ 68. Kd4 Nd6 69. Bg4 Nf5+ 70. Ke4 Nh6 71. Bh5 Ng8 72. Bg4 Ne7
73. Bd7 Ng6 74. Bg4 Ne5 75. Bc8 Nc4 76. Kf3 Nd6 77. Bd7 Kg6 78. Bg4 Ne8 79. Ke3
Nf6 80. Be6 Kg7 81. Kd4 Ne8 82. Ke4 Kg6 83. Bf7+ Kxf7 1/2-1/2

[Event "22nd ch-EUR Indiv 2022"]
[Site "Terme Catez SLO"]
[Date "2022.03.27"]
[Round "1.84"]
[White "Gumularz, Szymon"]
[Black "Hommer, Jeremy"]
[Result "1-0"]
[WhiteTitle "GM"]
[WhiteElo "2539"]
[BlackElo "2221"]
[WhiteFideId "1188062"]
[BlackFideId "12992577"]
[EventDate "2022.03.27"]

1. c4 e6 2. Nc3 Nf6 3. e4 c5 4. e5 Ng8 5. Nf3 Nc6 6. d4 cxd4 7. Nxd4 Qc7 8. f4
a6 9. Be3 d6 10. exd6 Bxd6 11. Nxc6 bxc6 12. g3 c5 13. Bg2 Bb7 14. Ne4 Rd8 15.
Qa4+ Ke7 16. Qc2 Bxe4 17. Bxe4 Nf6 18. Bf3 h5 19. O-O-O h4 20. Rhe1 hxg3 21.
hxg3 Rh3 22. Qf2 Ne8 23. Rd3 Rh8 24. Red1 f6 25. Rb3 Rb8 26. Rxb8 Qxb8 27. Bxc5
Qc7 28. Bxd6+ Nxd6 29. c5 Rc8 30. c6 Qa5 31. Qd4 Qc7 32. Kb1 Rd8 33. Qc5 Kf7 34.
Qh5+ Kg8 35. Re1 Nf5 36. Rxe6 Nxg3 37. Re8+ Rxe8 38. Qxe8+ Kh7 39. Qd7 Qa5 40.
Qh3+ 1-0

[Event "22nd ch-EUR Indiv 2022"]
[Site "Terme Catez SLO"]
[Date "2022.03.27"]
[Round "1.86"]
[White "Muradli, Mahammad"]
[Black "Nareks, Matic"]
[Result "1-0"]
[WhiteTitle "IM"]
[BlackTitle "CM"]
[WhiteElo "2537"]
[BlackElo "2202"]
[WhiteFideId "13409301"]
[BlackFideId "14629526"]
[EventDate "2022.03.27"]

1. Nf3 d5 2. c4 dxc4 3. e3 Nf6 4. Bxc4 e6 5. O-O a6 6. b3 Nbd7 7. Bb2 b5 8. Be2
Bb7 9. a4 bxa4 10. bxa4 a5 11. Na3 Bb4 12. Nc4 O-O 13. Qc2 Nb6 14. Nce5 c5 15.
Rfd1 Rc8 16. Ng5 h6 17. Nc6 Qc7 18. Bxf6 hxg5 19. Ne7+ Kh8 20. Qb2 e5 21. Nxc8
gxf6 22. Nxb6 Qxb6 23. Qc2 Kg7 24. Rac1 Rd8 25. d3 Qe6 26. h3 Rh8 27. e4 Rd8 28.
Bg4 Qe8 29. g3 Bc6 30. Ra1 Rd4 31. Bf5 Qa8 32. Kg2 c4 33. dxc4 Bxe4+ 34. Bxe4
Rxe4 35. Rd5 Rd4 36. Rd1 Qc6 37. Rxd4 exd4 38. Qe4 Bc3 39. Rxg5+ 1-0

[Event "22nd ch-EUR Indiv 2022"]
[Site "Terme Catez SLO"]
[Date "2022.03.27"]
[Round "1.87"]
[White "Lozynskyi, Bohdan"]
[Black "Kelires, Andreas"]
[Result "0-1"]
[BlackTitle "GM"]
[WhiteElo "2201"]
[BlackElo "2536"]
[WhiteFideId "14182602"]
[BlackFideId "5900727"]
[EventDate "2022.03.27"]

1. e4 c5 2. Nf3 d6 3. Bb5+ Nd7 4. d4 cxd4 5. Qxd4 a6 6. Bxd7+ Bxd7 7. Nc3 e5 8.
Qd3 h6 9. Nd2 Rc8 10. Nc4 Be6 11. Ne3 Nf6 12. a4 Be7 13. O-O O-O 14. Rd1 Qc7 15.
Bd2 Rfd8 16. Be1 Qc5 17. h3 Bf8 18. Qe2 g6 19. a5 Nh5 20. Ned5 Nf4 21. Nxf4 exf4
22. Nd5 Bxd5 23. Rxd5 Qxc2 24. Qxc2 Rxc2 25. Bc3 Re8 26. f3 Bg7 27. Rxd6 Bxc3
28. bxc3 Re5 29. Rd5 Rxd5 30. exd5 Rxc3 31. Rb1 Rd3 32. Rxb7 Rxd5 33. Rb4 Rxa5
34. Rxf4 Re5 35. Ra4 a5 36. Kf2 Kf8 37. f4 Rb5 38. Ke3 Ke7 39. Re4+ Kd7 40. Ra4
Kc6 41. Kd3 Kb6 42. Kc3 Rc5+ 43. Kb3 Kb5 44. Re4 Rd5 45. Re7 a4+ 46. Kc3 Rf5 47.
g3 h5 48. h4 Rc5+ 49. Kb2 f5 50. Rb7+ Kc4 51. Ka3 Kd4 52. Kxa4 Rc3 53. Rb4+ Rc4 0-1

[Event "22nd ch-EUR Indiv 2022"]
[Site "Terme Catez SLO"]
[Date "2022.03.27"]
[Round "1.88"]
[White "Halkias, Stelios"]
[Black "Ciolek, Andreas"]
[Result "1-0"]
[WhiteTitle "GM"]
[BlackTitle "FM"]
[WhiteElo "2527"]
[BlackElo "2191"]
[WhiteFideId "4201809"]
[BlackFideId "12906727"]
[EventDate "2022.03.27"]

1. Nf3 Nf6 2. d4 g6 3. g3 Bg7 4. Bg2 O-O 5. O-O d6 6. Re1 Nbd7 7. e4 e5 8. Nc3
c6 9. a4 b6 10. h3 a6 11. Be3 Bb7 12. dxe5 dxe5 13. Nd2 b5 14. Qe2 Qc7 15. Ncb1
Ne8 16. Nb3 Nd6 17. Nc5 Nc4 18. Nxd7 Qxd7 19. Bc5 Rfd8 20. b3 Nd6 21. Nd2 Bf8
22. Nf3 Qe6 23. h4 f6 24. Qe3 Nf7 25. Red1 Rxd1+ 26. Rxd1 Rd8 27. Rxd8 Nxd8 28.
Ne1 Bxc5 29. Qxc5 Qd7 30. Nd3 Bc8 31. Qb6 Qd4 32. Qc7 Be6 33. Qe7 f5 34. Qe8+
Kg7 35. Qe7+ Kg8 36. exf5 gxf5 37. Qe8+ Kg7 38. Qe7+ Kg8 39. Qf6 Bxb3 40. Qg5+
Kf8 41. Qxf5+ Bf7 42. axb5 axb5 43. Nxe5 Ke7 44. Qg5+ Ke8 45. Qf6 Qd1+ 46. Kh2
Qxc2 47. Bxc6+ Nxc6 48. Qxf7+ Kd8 49. Qd7# 1-0

[Event "22nd ch-EUR Indiv 2022"]
[Site "Terme Catez SLO"]
[Date "2022.03.27"]
[Round "1.89"]
[White "Vidic, Teja"]
[Black "Kulaots, Kaido"]
[Result "0-1"]
[WhiteTitle "WIM"]
[BlackTitle "GM"]
[WhiteElo "2191"]
[BlackElo "2527"]
[WhiteFideId "14605511"]
[BlackFideId "4500261"]
[EventDate "2022.03.27"]

1. e4 c5 2. Nf3 d6 3. c3 Nf6 4. Be2 g6 5. O-O Bg7 6. Bb5+ Nc6 7. Re1 O-O 8. d4
cxd4 9. cxd4 Bg4 10. d5 Ne5 11. Nbd2 Nxf3+ 12. Nxf3 Bxf3 13. gxf3 Nh5 14. f4 e5
15. f5 Nf4 16. Bxf4 exf4 17. Qg4 Bxb2 18. Rab1 Be5 19. fxg6 hxg6 20. h4 Kg7 21.
Kg2 Rh8 22. Rh1 Rh5 23. Be2 b6 24. Qh3 Rh6 25. h5 Rc8 26. Qg4 Rc2 27. a4 Qc7 28.
Rb3 Ra2 29. Bb5 Rxf2+ 30. Kxf2 Qc2+ 31. Be2 Qxb3 32. Rh3 Qxa4 33. hxg6 Rxg6 34.
Qc8 Qd4+ 35. Ke1 Qb4+ 36. Kf2 Bd4+ 37. Kf3 Qa3+ 38. Kxf4 Be5+ 0-1